| 000 | 00732nam a22002177i 4500 | ||
|---|---|---|---|
| 999 |
_c22975 _d22975 |
||
| 003 | AR-CdUCM | ||
| 008 | 240809b20182018 pe||||| |||| 00| 0 spa d | ||
| 020 | _a978-612-324-005-9 | ||
| 040 |
_aMUNICIPALIDAD PROVINCIAL DEL CUSCO _cBIBLIOTECA MUNICIPAL DEL CUSCO |
||
| 082 |
_aEP / 376.36 / P23C _bP23C |
||
| 100 |
_aPando Merino, Edgardo. _950157 |
||
| 245 | _aEl Capitán Juan Diego / | ||
| 260 |
_aLima : _bEdiciones COREFO S.A.C., _c2018 |
||
| 300 |
_a15 páginas. : _bIlustraciones a color, _c28 cm. |
||
| 650 |
_aCuento _94671 |
||
| 650 |
_aTexto infantil _929090 |
||
| 650 |
_aRazonamiento verbal _950163 |
||
| 700 |
_aMedina Estremadoyro, Jafet Anselm [Ilustrador] _950158 |
||
| 942 |
_2ddc _cLIBROS |
||
| 945 |
_apbj _d2024-08-09 |
||